000 00334nam a2200133Ia 4500
008 210210b1966 xxu||||| |||| 00| 0 eng d
082 _a301 MCKC
100 _aMCKINNEY (John C).
245 _aConstructive typology and social theory.
260 _aLondon
_bA C C
_c1966
300 _axiii,250
690 _aSociology
906 _a041088
999 _c91245
_d91245